San Jose Sharks Roster 24-25 - Statistics

General Stats
  • This quiz has been taken 74 times
    20 since last reset
  • The average score is 9 of 23
Answer Stats
# Player % Correct
71 Macklin Celebrini
94%
72 William Eklund
71%
73 Tyler Toffoli
65%
2 Will Smith
65%
40 Alexandar Georgiev
59%
38 Mario Ferraro
59%
44 Marc-Edouard Vlasic
53%
23 Barclay Goodrow
47%
39 Logan Couture
47%
21 Alexander Wennberg
35%
85 Shakir Mukhamadullin
35%
37 Timothy Liljegren
35%
53 Ty Dellandrea
35%
46 Cam Lund
29%
31 Georgi Romanov
29%
3 Henry Thrun
24%
10 Klim Kostin
24%
17 Thomas Bordeleau
24%
91 Carl Grundstrom
18%
84 Jan Rutta
18%
15 Nikolai Kovalenko
18%
5 Vincent Desharnais
18%
9 Noah Gregor
6%
No matching quizzes found
Score Distribution
Percent of People with Each Score
Percentile by Number Answered
Your Score History
You have not taken this quiz since the last reset